[Event "NED-chT Promotion Meesterklasse"]
[Site "Netherlands"]
[Date "2021.06.26"]
[Round "1.1"]
[White "Wemmers, Xander"]
[Black "Lenaerts, Lennert"]
[Result "1/2-1/2"]
[WhiteElo "2384"]
[BlackElo "2357"]
[PlyCount "46"]
[EventDate "2021.06.26"]
[EventType "team-match"]
[EventRounds "1"]
[EventCountry "NED"]
[SourceTitle "EXT 2024"]
[Source "ChessBase"]
[SourceDate "2023.10.10"]
[SourceVersion "1"]
[SourceVersionDate "2023.10.10"]
[SourceQuality "1"]
[WhiteTeam "Paul Keres"]
[BlackTeam "Zuid Limburg"]
[WhiteTeamCountry "NED"]
[BlackTeamCountry "NED"]

1. d4 d5 2. c4 c6 3. Nc3 dxc4 4. e3 b5 5. a4 b4 6. Ne4 Qd5 7. Nd2 c3 8. bxc3 bxc3 9. Nb1 Qa5 10. Qc2 Ba6 11. Qxc3 Qxc3+ 12. Nxc3 Bxf1 13. Kxf1 e6 14. Nf3 Nd7 15. Ke2 Ngf6 16. Rb1 a5 17. Rd1 Bb4 18. Na2 c5 19. dxc5 Nxc5 20. Nxb4 axb4 21. Rxb4 Nd5 22. Rc4 Nxa4 23. Rd3 0-0 1/2-1/2

[Event "BEL-chT 1920"]
[Site "Belgium"]
[Date "2020.02.16"]
[Round "8.2"]
[White "Warmerdam, Max"]
[Black "Wemmers, Xander"]
[Result "1/2-1/2"]
[WhiteElo "2497"]
[BlackElo "2392"]
[PlyCount "152"]
[EventDate "2019.09.29"]
[EventType "team-tourn"]
[EventRounds "11"]
[EventCountry "BEL"]
[SourceTitle "CBM 195 Extra"]
[Source "ChessBase"]
[SourceDate "2020.05.31"]
[SourceVersion "1"]
[SourceVersionDate "2020.05.31"]
[SourceQuality "1"]
[WhiteTeam "Echiquier Mosan"]
[BlackTeam "Borgerhout"]
[WhiteTeamCountry "BEL"]
[BlackTeamCountry "BEL"]

1. c4 e5 2. Nc3 Nf6 3. Nf3 Nc6 4. e3 Bb4 5. Qc2 Bxc3 6. Qxc3 Qe7 7. Be2 d5 8. d4 exd4 9. Nxd4 Nxd4 10. Qxd4 c5 11. Qf4 0-0 12. b3 dxc4 13. bxc4 Qe4 14. Bb2 Qxf4 15. exf4 Re8 16. f3 Be6 17. Rc1 Nd7 18. Kf2 Rad8 19. g4 Nb6 20. Rc2 h5 21. Ba1 Bd7 22. Rd2 Ba4 23. Rxd8 Rxd8 24. gxh5 Kh7 25. Bc3 Bc2 26. Rc1 Bf5 27. Ba5 Rd6 28. Rc3 Na4 29. Ra3 Bc2 30. Bc7 Rd7 31. Bb8 a6 32. Re3 Nb2 33. Be5 Nd3+ 34. Kg3 f6 35. Bc3 Nc1 36. a3 Nxe2+ 37. Rxe2 Bd3 38. Re8 Bxc4 39. Rc8 b6 40. Rc6 Rd3 41. Be1 Bd5 42. Rxb6 Rxf3+ 43. Kg4 Rxa3 44. Rd6 Bg2 45. f5 Ra4+ 46. Kg3 Be4 47. Rd7 c4 48. Rc7 Bxf5 49. Bc3 Kh6 50. Bd2+ Kh7 51. Bc3 Kh6 52. Bd2+ Kxh5 53. Rxg7 Ra2 54. Be1 Re2 55. Bb4 Bg6 56. Rc7 Re4 57. Rc6 f5 58. Kf3 Rh4 59. Be1 Rd4 60. Rxa6 Kg5 61. h4+ Kh5 62. Ra8 Bf7 63. Rh8+ Kg6 64. h5+ Kg5 65. h6 Bd5+ 66. Ke3 Rd3+ 67. Ke2 Kg6 68. Bd2 Rh3 69. Rd8 Bf3+ 70. Kf2 Be4 71. Rd6+ Kf7 72. Rd7+ Ke6 73. Rc7 Rh2+ 74. Ke1 Rh1+ 75. Kf2 Rh2+ 76. Ke1 Rh1+ 1/2-1/2

[Event "BEL-chT 1920"]
[Site "Belgium"]
[Date "2020.02.02"]
[Round "7.2"]
[White "Wemmers, Xander"]
[Black "Delorme, Axel"]
[Result "1-0"]
[WhiteElo "2392"]
[BlackElo "2489"]
[PlyCount "91"]
[EventDate "2019.09.29"]
[EventType "team-tourn"]
[EventRounds "11"]
[EventCountry "BEL"]
[SourceTitle "CBM 195 Extra"]
[Source "ChessBase"]
[SourceDate "2020.05.31"]
[SourceVersion "1"]
[SourceVersionDate "2020.05.31"]
[SourceQuality "1"]
[WhiteTeam "Borgerhout"]
[BlackTeam "Fontaine"]
[WhiteTeamCountry "BEL"]
[BlackTeamCountry "BEL"]

1. d4 Nf6 2. c4 e6 3. Nc3 Bb4 4. f3 c5 5. d5 b5 6. e4 d6 7. Bd2 bxc4 8. Bxc4 0-0 9. Nge2 Re8 10. 0-0 Nbd7 11. dxe6 fxe6 12. Bf4 Ne5 13. Bxe5 dxe5 14. Qxd8 Rxd8 15. Rfd1 Rxd1+ 16. Rxd1 Kf8 17. Nb5 Ke7 18. Nc1 Ba5 19. Kf1 Bb6 20. Nd3 Nd7 21. Na3 a6 22. Bb3 a5 23. Bc4 a4 24. Bb5 Ba6 25. Bxa6 Rxa6 26. Nc4 Bc7 27. Ke2 Ra8 28. Rb1 h5 29. Kd2 g5 30. Kc2 g4 31. b3 a3 32. b4 gxf3 33. gxf3 Rg8 34. Rd1 cxb4 35. Nxb4 Nb6 36. Nxa3 h4 37. Nb5 Rg2+ 38. Kb3 Na8 39. Nc6+ Kf6 40. Rd7 Bb6 41. Nd6 Rxh2 42. Rf7+ Kg5 43. Nxe5 Rf2 44. Rf8 Nc7 45. Rg8+ Kf4 46. Ndc4 1-0

[Event "Gibraltar Masters 18th"]
[Site "Caleta"]
[Date "2020.01.30"]
[Round "10"]
[White "Wemmers, Xander"]
[Black "Hjartarson, Johann"]
[Result "0-1"]
[WhiteElo "2380"]
[BlackElo "2524"]
[PlyCount "86"]
[EventDate "2020.01.21"]
[EventType "swiss"]
[EventRounds "10"]
[EventCountry "GGB"]
[SourceTitle "CBM 194 Extra"]
[Source "ChessBase"]
[SourceDate "2020.03.31"]
[SourceVersion "1"]
[SourceVersionDate "2020.03.31"]
[SourceQuality "1"]

1. d4 Nf6 2. c4 e6 3. Nc3 Bb4 4. f3 d5 5. a3 Be7 6. e4 dxe4 7. fxe4 e5 8. d5 0-0 9. Nf3 Nbd7 10. Bd3 a5 11. 0-0 c6 12. Kh1 Bc5 13. Bd2 Bd4 14. Qe1 h6 15. Nh4 Nc5 16. Bc2 cxd5 17. cxd5 Ra6 18. Nf5 Bxf5 19. Rxf5 Ne8 20. Nb5 Bxb2 21. Rb1 Bd4 22. Nxd4 exd4 23. Qf2 Nd6 24. Qxd4 Nxf5 25. Qxc5 Nd6 26. Bd3 b5 27. e5 Nc4 28. Bc3 Qg5 29. Qd4 Nxa3 30. Re1 Nc4 31. Qe4 Rg6 32. g3 Qg4 33. e6 Qxe4+ 34. Rxe4 Nd6 35. Re2 Rg5 36. Be5 Rxe5 37. Rxe5 a4 38. Re1 b4 39. Ra1 a3 40. Bc2 Rc8 41. Ba4 fxe6 42. dxe6 Kf8 43. Rb1 Ke7 0-1

[Event "Gibraltar Masters 18th"]
[Site "Caleta"]
[Date "2020.01.27"]
[Round "7"]
[White "Aryan, Chopra"]
[Black "Wemmers, Xander"]
[Result "1-0"]
[WhiteElo "2562"]
[BlackElo "2380"]
[PlyCount "87"]
[EventDate "2020.01.21"]
[EventType "swiss"]
[EventRounds "10"]
[EventCountry "GGB"]
[SourceTitle "CBM 194 Extra"]
[Source "ChessBase"]
[SourceDate "2020.03.31"]
[SourceVersion "1"]
[SourceVersionDate "2020.03.31"]
[SourceQuality "1"]

1. e4 c6 2. d4 d5 3. e5 Bf5 4. Be3 e6 5. Nd2 Nd7 6. Ngf3 Ne7 7. Be2 Bg6 8. Nh4 Nf5 9. Nxf5 Bxf5 10. 0-0 h5 11. c4 dxc4 12. Nxc4 Be4 13. a4 g6 14. a5 Bd5 15. Qd2 Be7 16. Rfc1 Kf8 17. a6 b6 18. h3 Rc8 19. Bf4 Kg7 20. Ne3 Nb8 21. Rc3 Be4 22. Nc4 Bd5 23. Nd6 Rc7 24. Rg3 Rd7 25. Bd3 Rxd6 26. exd6 Bxd6 27. Be5+ Bxe5 28. dxe5 Nd7 29. Qf4 Qe7 30. h4 c5 31. Rd1 Nb8 32. Be4 Rd8 33. Rgd3 Nxa6 34. Bxd5 exd5 35. Rxd5 Rxd5 36. Rxd5 Nc7 37. Rd6 Ne6 38. Qe4 b5 39. g3 a5 40. Qd5 a4 41. Rd7 Qe8 42. Ra7 b4 43. Ra8 Qb5 44. Qf3 1-0

[Event "BEL-chT 1920"]
[Site "Belgium"]
[Date "2020.01.19"]
[Round "6.3"]
[White "Buhr, Carl Christian"]
[Black "Wemmers, Xander"]
[Result "1/2-1/2"]
[WhiteElo "2334"]
[BlackElo "2392"]
[PlyCount "100"]
[EventDate "2019.09.29"]
[EventType "team-tourn"]
[EventRounds "11"]
[EventCountry "BEL"]
[SourceTitle "CBM 195 Extra"]
[Source "ChessBase"]
[SourceDate "2020.05.31"]
[SourceVersion "1"]
[SourceVersionDate "2020.05.31"]
[SourceQuality "1"]
[WhiteTeam "Europchess"]
[BlackTeam "Borgerhout"]
[WhiteTeamCountry "BEL"]
[BlackTeamCountry "BEL"]

1. d4 Nf6 2. Nf3 e6 3. c4 Bb4+ 4. Bd2 a5 5. Qc2 d6 6. Nc3 Nbd7 7. a3 Bxc3 8. Bxc3 Qe7 9. g3 0-0 10. Bg2 d5 11. Ne5 c6 12. b4 Nxe5 13. dxe5 Nd7 14. bxa5 Re8 15. 0-0 Qc5 16. cxd5 exd5 17. Qb2 Qe7 18. e4 d4 19. Bxd4 Nxe5 20. f4 Ng4 21. Qb4 Nf6 22. Bc5 Qc7 23. Bb6 Qe7 24. e5 Nd5 25. Bxd5 cxd5 26. Qxe7 Rxe7 27. Rfd1 Be6 28. Rac1 Rd7 29. Rc5 d4 30. Rc7 Rxc7 31. Bxc7 Rc8 32. Rxd4 h5 33. Bd6 Rc2 34. h4 Kh7 35. Bb4 Kg6 36. Rd2 Rc1+ 37. Kf2 Kf5 38. Rb2 Bd5 39. Be1 Ra1 40. Rb5 Ra2+ 41. Ke3 Rxa3+ 42. Kd4 Bc6 43. Rc5 Ra4+ 44. Kc3 Bf3 45. Kd2 Re4 46. Rc1 Kg4 47. Kd3 g6 48. Ra1 Re2 49. Rc1 Ra2 50. Kd4 Kf5 1/2-1/2

[Event "BEL-chT 1920"]
[Site "Belgium"]
[Date "2019.12.01"]
[Round "5.3"]
[White "Wemmers, Xander"]
[Black "Pijpers, Arthur"]
[Result "0-1"]
[WhiteElo "2392"]
[BlackElo "2472"]
[PlyCount "60"]
[EventDate "2019.09.29"]
[EventType "team-tourn"]
[EventRounds "11"]
[EventCountry "BEL"]
[SourceTitle "CBM 195 Extra"]
[Source "ChessBase"]
[SourceDate "2020.05.31"]
[SourceVersion "1"]
[SourceVersionDate "2020.05.31"]
[SourceQuality "1"]
[WhiteTeam "Borgerhout"]
[BlackTeam "KGSRL"]
[WhiteTeamCountry "BEL"]
[BlackTeamCountry "BEL"]

1. d4 Nf6 2. c4 g6 3. Nc3 Bg7 4. e4 d6 5. Nf3 0-0 6. Be2 e5 7. 0-0 Nc6 8. d5 Ne7 9. Nh4 Ne8 10. g3 f5 11. exf5 Nxf5 12. Nxf5 Bxf5 13. g4 Bd7 14. Ne4 Nf6 15. Ng3 Kh8 16. Bg5 Qc8 17. h3 Ng8 18. Qd2 Bf6 19. Be3 Bh4 20. Rac1 Rf7 21. Ne4 Nf6 22. Ng3 Qg8 23. Kg2 Raf8 24. Qd3 Qg7 25. Ne4 Nxe4 26. Qxe4 Bf5 27. Qf3 Bd3 28. Bh6 Qxh6 29. Qxd3 Rxf2+ 30. Kg1 Qf4 0-1

[Event "BEL-chT 1920"]
[Site "Belgium"]
[Date "2019.10.13"]
[Round "2.3"]
[White "Leenhouts, Koen"]
[Black "Wemmers, Xander"]
[Result "1-0"]
[WhiteElo "2411"]
[BlackElo "2392"]
[PlyCount "189"]
[EventDate "2019.09.29"]
[EventType "team-tourn"]
[EventRounds "11"]
[EventCountry "BEL"]
[SourceTitle "CBM 195 Extra"]
[Source "ChessBase"]
[SourceDate "2020.05.31"]
[SourceVersion "1"]
[SourceVersionDate "2020.05.31"]
[SourceQuality "1"]
[WhiteTeam "KBSK Brugge"]
[BlackTeam "Borgerhout"]
[WhiteTeamCountry "BEL"]
[BlackTeamCountry "BEL"]

1. d4 Nf6 2. c4 e6 3. g3 Bb4+ 4. Bd2 c5 5. Bxb4 cxb4 6. Bg2 0-0 7. e4 d6 8. Ne2 e5 9. 0-0 a5 10. a3 Na6 11. axb4 axb4 12. Nd2 Re8 13. Qc2 Bg4 14. f3 Bd7 15. Kh1 Rc8 16. Qd3 Qb6 17. Rfd1 h6 18. Nf1 Red8 19. Ne3 exd4 20. Nxd4 Nc5 21. Qd2 Ra8 22. Rab1 Ra2 23. Ndf5 Bxf5 24. Nxf5 Na4 25. e5 Ne8 26. Ne7+ Kf8 27. Nd5 dxe5 28. Nxb6 Rxd2 29. Rxd2 Nxb6 30. Bf1 Ra5 31. Re1 f6 32. f4 Ke7 33. b3 Nc7 34. Bg2 Ne6 35. Bxb7 Nc5 36. Be4 Nxe4 37. Rxe4 Nd7 38. fxe5 fxe5 39. c5 Nxc5 40. Rxe5+ Kf6 41. Re3 Ra3 42. Rf2+ Kg6 43. Rf4 Nxb3 44. Rxb4 Ra1+ 45. Kg2 Ra2+ 46. Kh3 Nc5 47. Rb6+ Kf7 48. Rc6 Nd7 49. Rc7 Rd2 50. Ra3 Ke6 51. Ra6+ Ke7 52. g4 Kf8 53. Ra8+ Ke7 54. Raa7 Ke6 55. Rc6+ Ke7 56. Kg3 Kf8 57. Rc8+ Ke7 58. Rcc7 Rd6 59. Rcb7 Ke6 60. Ra3 Kf6 61. Rf3+ Ke6 62. h3 Rd4 63. Ra7 Rd6 64. Re3+ Kf6 65. Ra5 Kf7 66. Rb5 Nf6 67. Rb7+ Nd7 68. h4 Kf6 69. Rf3+ Ke6 70. Ra7 Rd4 71. Ra6+ Ke7 72. Rg6 Ne5 73. Rxg7+ Ke6 74. Rf4 Rd3+ 75. Kg2 Rd2+ 76. Kf1 Rd1+ 77. Ke2 Rh1 78. h5 Rh2+ 79. Kf1 Ra2 80. Rg8 Ra1+ 81. Ke2 Ra2+ 82. Kd1 Ra1+ 83. Kc2 Ra2+ 84. Kb3 Ra5 85. Re8+ Kd7 86. Rh8 Ra6 87. Rh7+ Ke8 88. Rb4 Nc6 89. Rf4 Ne5 90. Re4 Re6 91. Rb7 Kf8 92. Rb5 Nc6 93. Rxe6 Nd4+ 94. Kc4 Nxe6 95. Rf5+ 1-0

[Event "Gibraltar Masters 17th"]
[Site "Caleta"]
[Date "2019.01.29"]
[Round "8"]
[White "Krysa, Leandro Sergio"]
[Black "Wemmers, Xander"]
[Result "1-0"]
[WhiteElo "2499"]
[BlackElo "2418"]
[PlyCount "113"]
[EventDate "2019.01.22"]
[EventType "swiss"]
[EventRounds "10"]
[EventCountry "GGB"]
[SourceTitle "CBM 188 Extra"]
[Source "ChessBase"]
[SourceDate "2019.02.26"]
[SourceVersion "1"]
[SourceVersionDate "2019.02.26"]
[SourceQuality "1"]

1. d4 Nf6 2. c4 e6 3. Nc3 Bb4 4. Qc2 c5 5. dxc5 0-0 6. a3 Bxc5 7. Nf3 b6 8. Bf4 Bb7 9. Rd1 Nh5 10. Bc1 Be7 11. e4 Nc6 12. Be2 a6 13. 0-0 Qc7 14. e5 Rac8 15. Rfe1 f6 16. exf6 Nxf6 17. Ne4 Nxe4 18. Qxe4 Bc5 19. Qh4 Ne5 20. b4 Nxf3+ 21. Bxf3 Bxf3 22. gxf3 Bd6 23. Bb2 Rf7 24. Re4 Bf8 25. Kg2 Qc6 26. Be5 d5 27. cxd5 exd5 28. Red4 Re8 29. f4 Re6 30. R1d3 Be7 31. Qh5 Rh6 32. Qf3 Rg6+ 33. Kh1 h6 34. Rxd5 Qe6 35. Rd7 Qf5 36. Qd5 Kh7 37. Rg3 Re6 38. Qd3 Qxd3 39. Rgxd3 g5 40. Re3 Kg6 41. Bd4 Rxe3 42. Bxe3 a5 43. bxa5 bxa5 44. f5+ Kxf5 45. Rd5+ Ke4 46. Rxa5 Kf3 47. Ra7 g4 48. Kg1 h5 49. Kf1 h4 50. Bg5 g3 51. hxg3 hxg3 52. Rxe7 Rxe7 53. Bxe7 gxf2 54. a4 Ke4 55. a5 Kd5 56. a6 Kc6 57. Bd8 1-0

[Event "Gibraltar Masters 17th"]
[Site "Caleta"]
[Date "2019.01.24"]
[Round "3"]
[White "Wemmers, Xander"]
[Black "De Seroux, Camille"]
[Result "1-0"]
[WhiteElo "2418"]
[BlackElo "2145"]
[PlyCount "53"]
[EventDate "2019.01.22"]
[EventType "swiss"]
[EventRounds "10"]
[EventCountry "GGB"]
[SourceTitle "CBM 188 Extra"]
[Source "ChessBase"]
[SourceDate "2019.02.26"]
[SourceVersion "1"]
[SourceVersionDate "2019.02.26"]
[SourceQuality "1"]

1. d4 Nf6 2. c4 e6 3. Nc3 Bb4 4. e3 0-0 5. Bd3 c5 6. Nge2 cxd4 7. exd4 d5 8. cxd5 Nxd5 9. 0-0 Nc6 10. Bc2 Bd6 11. a3 Nxc3 12. bxc3 Qc7 13. Qd3 g6 14. Bh6 Re8 15. Ng3 Bf4 16. Bxf4 Qxf4 17. Rfe1 Bd7 18. Ne4 Red8 19. Re3 Be8 20. Rf3 Qc7 21. Nf6+ Kg7 22. Qe4 Ne7 23. Qh4 Nf5 24. Bxf5 exf5 25. Nxh7 Rd6 26. Rh3 Bc6 27. Qh6+ 1-0

[Event "Gibraltar Masters 17th"]
[Site "Caleta"]
[Date "2019.01.23"]
[Round "2"]
[White "Santos Ruiz, Miguel"]
[Black "Wemmers, Xander"]
[Result "1-0"]
[WhiteElo "2543"]
[BlackElo "2418"]
[PlyCount "31"]
[EventDate "2019.01.22"]
[EventType "swiss"]
[EventRounds "10"]
[EventCountry "GGB"]
[SourceTitle "CBM 188 Extra"]
[Source "ChessBase"]
[SourceDate "2019.02.26"]
[SourceVersion "1"]
[SourceVersionDate "2019.02.26"]
[SourceQuality "1"]

1. d4 Nf6 2. c4 e6 3. Nc3 Bb4 4. Qc2 b6 5. e4 c5 6. d5 Qe7 7. Nge2 exd5 8. exd5 0-0 9. Bg5 Ba6 10. 0-0-0 Bxc4 11. Ng3 Bxf1 12. Nf5 Qd8 13. Ne4 Ba6 14. Bxf6 gxf6 15. Qb3 Kh8 16. Ned6 1-0

[Event "Gibraltar Masters 16th"]
[Site "Caleta"]
[Date "2018.01.29"]
[Round "7"]
[White "Wemmers, Xander"]
[Black "Heinemann, Josefine"]
[Result "1-0"]
[WhiteElo "2430"]
[BlackElo "2270"]
[PlyCount "107"]
[EventDate "2018.01.23"]
[EventType "swiss"]
[EventRounds "10"]
[EventCountry "GGB"]
[SourceTitle "CBM 183"]
[Source "ChessBase"]
[SourceDate "2018.03.14"]
[SourceVersion "1"]
[SourceVersionDate "2018.03.14"]
[SourceQuality "1"]

1. d4 d5 2. c4 e6 3. Nc3 Nf6 4. cxd5 exd5 5. Bg5 c6 6. Qc2 Be7 7. e3 Nbd7 8. Bd3 h6 9. Bh4 Nh5 10. Bxe7 Qxe7 11. 0-0-0 Nb6 12. Kb1 Be6 13. Nge2 0-0-0 14. Nc1 g6 15. Nb3 Ng7 16. f3 Kb8 17. Rhe1 Qc7 18. h3 Rhe8 19. Ka1 Bf5 20. e4 Bc8 21. e5 Ne6 22. Qf2 Nc4 23. f4 Na5 24. Bc2 Nxb3+ 25. Bxb3 Ng7 26. Rc1 Qe7 27. Na4 h5 28. Rc3 h4 29. Nc5 Ne6 30. Nd3 Bd7 31. Bc2 Ng7 32. b4 Bf5 33. Rb1 Bxd3 34. Bxd3 Rc8 35. a3 Rc7 36. Rbc1 Rec8 37. Be2 a6 38. Bg4 Rh8 39. Ka2 f6 40. Kb3 fxe5 41. fxe5 Rf8 42. Rf3 Rxf3+ 43. Qxf3 Ne6 44. Bxe6 Qxe6 45. Rf1 Re7 46. Qf8+ Re8 47. Qh6 c5 48. bxc5 Qd7 49. a4 b6 50. Qxg6 bxc5 51. Rf7 c4+ 52. Kc3 Re7 53. Qb6+ Qb7 54. Rf8+ 1-0

[Event "Gibraltar Masters 16th"]
[Site "Caleta"]
[Date "2018.01.24"]
[Round "2"]
[White "Moussard, Jules"]
[Black "Wemmers, Xander"]
[Result "1-0"]
[WhiteElo "2571"]
[BlackElo "2430"]
[PlyCount "105"]
[EventDate "2018.01.23"]
[EventType "swiss"]
[EventRounds "10"]
[EventCountry "GGB"]
[SourceTitle "CBM 183"]
[Source "ChessBase"]
[SourceDate "2018.03.14"]
[SourceVersion "1"]
[SourceVersionDate "2018.03.14"]
[SourceQuality "1"]

1. Nf3 Nf6 2. g3 b5 3. e3 a6 4. c4 bxc4 5. Qa4 e6 6. Bg2 Bb7 7. Na3 Bc6 8. Qxc4 Be7 9. Qc2 0-0 10. 0-0 a5 11. d3 Na6 12. Nc4 Qb8 13. Bd2 Nb4 14. Qb1 a4 15. Rc1 Rc8 16. e4 d5 17. Nce5 Be8 18. a3 Na6 19. Nc6 Bxc6 20. Rxc6 dxe4 21. dxe4 Bc5 22. e5 Nd5 23. Ng5 g6 24. Qc2 Bd4 25. Nf3 Bb6 26. Rc1 Qa7 27. Be1 Nb8 28. Rc4 Nd7 29. h4 c5 30. h5 Bc7 31. hxg6 hxg6 32. Bc3 Nxc3 33. Qxc3 Rab8 34. Re4 Rb3 35. Qd2 Rd8 36. Qh6 Rxf3 37. Bxf3 Bxe5 38. Kg2 Bg7 39. Qh4 Bf6 40. Rxa4 Qb6 41. Qe4 Qxb2 42. Rb1 Qa2 43. Rd1 Nf8 44. Rxd8 Bxd8 45. Qc4 Qb2 46. Ra8 Be7 47. a4 Kg7 48. a5 Nd7 49. Ra7 Qd2 50. Qe2 Qd6 51. Qd1 Ne5 52. Qxd6 Bxd6 53. a6 1-0

[Event "Gibraltar Masters 15th"]
[Site "Caleta"]
[Date "2017.02.01"]
[Round "9"]
[White "Sodoma, Jan"]
[Black "Wemmers, Xander"]
[Result "1-0"]
[WhiteElo "2344"]
[BlackElo "2424"]
[PlyCount "89"]
[EventDate "2017.01.24"]
[EventType "swiss"]
[EventRounds "10"]
[EventCountry "GGB"]
[SourceTitle "CBM 177"]
[Source "ChessBase"]
[SourceDate "2017.03.16"]
[SourceVersion "1"]
[SourceVersionDate "2017.03.16"]
[SourceQuality "1"]

1. d4 Nf6 2. c4 e6 3. Nc3 Bb4 4. Qc2 Nc6 5. Nf3 d6 6. Bd2 0-0 7. a3 Bxc3 8. Bxc3 Qe7 9. e3 a5 10. b3 e5 11. dxe5 dxe5 12. Be2 Bg4 13. 0-0 Rfe8 14. Rfd1 Bh5 15. h3 Bg6 16. Qb2 Ne4 17. Be1 h6 18. b4 b6 19. Rdc1 Rab8 20. Qb3 Qf6 21. Nh2 Rbd8 22. f3 Ng5 23. c5 Bf5 24. Bb5 Re6 25. h4 Nh7 26. g4 Bg6 27. cxb6 cxb6 28. h5 Bxh5 29. gxh5 Ne7 30. Rd1 Rf8 31. Bd7 Qg5+ 32. Kh1 Rf6 33. Bg4 Nf5 34. Qd3 Nxe3 35. Rd2 axb4 36. axb4 Rc6 37. Re2 Nc4 38. b5 Rc7 39. Rc2 Rd8 40. Qe2 Qf4 41. Ra4 Rd4 42. Bf2 Ne3 43. Rxc7 Rxa4 44. Rc6 Nf8 45. Qxe3 1-0

[Event "Gibraltar Masters 15th"]
[Site "Caleta"]
[Date "2017.01.27"]
[Round "4"]
[White "Wemmers, Xander"]
[Black "Bergstrom, Rolf"]
[Result "1-0"]
[WhiteElo "2424"]
[BlackElo "2268"]
[PlyCount "61"]
[EventDate "2017.01.24"]
[EventType "swiss"]
[EventRounds "10"]
[EventCountry "GGB"]
[SourceTitle "CBM 177"]
[Source "ChessBase"]
[SourceDate "2017.03.16"]
[SourceVersion "1"]
[SourceVersionDate "2017.03.16"]
[SourceQuality "1"]

1. d4 Nf6 2. c4 e6 3. Nc3 Bb4 4. e3 b6 5. Nge2 Ne4 6. f3 Nxc3 7. bxc3 Be7 8. e4 Nc6 9. Ng3 h5 10. Bd3 h4 11. Nf1 Ba6 12. Be3 Na5 13. Nd2 d6 14. 0-0 Qd7 15. f4 0-0-0 16. Qe2 Qa4 17. e5 f5 18. exd6 Bxd6 19. c5 Bxd3 20. Qxd3 Be7 21. Qa6+ Kb8 22. Rab1 h3 23. cxb6 axb6 24. d5 hxg2 25. Bxb6 gxf1Q+ 26. Nxf1 Nb7 27. Bxc7+ Kc8 28. Qxb7+ Kd7 29. Bxd8+ Kxd8 30. Qb8+ Kd7 31. Rb7# 1-0

[Event "BEL-chT 1617"]
[Site "Belgium"]
[Date "2016.12.04"]
[Round "5.1"]
[White "Wemmers, Xander"]
[Black "Fluvia Poyatos, Jordi"]
[Result "1-0"]
[WhiteElo "2407"]
[BlackElo "2448"]
[PlyCount "63"]
[EventDate "2016.10.02"]
[EventType "team-tourn"]
[EventRounds "11"]
[EventCountry "BEL"]
[SourceTitle "EXT 2018"]
[Source "ChessBase"]
[SourceDate "2017.10.13"]
[SourceVersion "1"]
[SourceVersionDate "2017.10.13"]
[SourceQuality "1"]
[WhiteTeam "Borgerhout"]
[BlackTeam "KSK Rochade"]
[WhiteTeamCountry "BEL"]
[BlackTeamCountry "BEL"]

1. d4 Nf6 2. c4 g6 3. Nc3 d5 4. Nf3 Bg7 5. Qb3 dxc4 6. Qxc4 a6 7. Bf4 c6 8. e4 0-0 9. Be2 Nbd7 10. Rd1 b5 11. Qb3 Bb7 12. e5 Nd5 13. Nxd5 cxd5 14. h4 Qb6 15. h5 f6 16. exf6 exf6 17. hxg6 hxg6 18. Qd3 f5 19. Ng5 Rfe8 20. Qh3 Re7 21. Qh7+ Kf8 22. Qh2 Bf6 23. Bd6 Bxg5 24. Qh8+ Kf7 25. Qh7+ Ke6 26. Bxe7 Bxe7 27. Qxg6+ Nf6 28. Bd3 Rg8 29. Qxf5+ Kf7 30. Kf1 Qc7 31. Rh7+ Kf8 32. Qxf6+ 1-0

[Event "BEL-chT 1617"]
[Site "Belgium"]
[Date "2016.10.16"]
[Round "2.1"]
[White "Wemmers, Xander"]
[Black "Lahaye, Rick"]
[Result "0-1"]
[WhiteElo "2407"]
[BlackElo "2361"]
[PlyCount "108"]
[EventDate "2016.10.02"]
[EventType "team-tourn"]
[EventRounds "11"]
[EventCountry "BEL"]
[SourceTitle "EXT 2017"]
[Source "ChessBase"]
[SourceDate "2016.10.25"]
[SourceVersion "1"]
[SourceVersionDate "2016.10.25"]
[SourceQuality "1"]
[WhiteTeam "Borgerhout"]
[BlackTeam "The Belgian CC"]
[WhiteTeamCountry "BEL"]
[BlackTeamCountry "BEL"]

1. d4 d5 2. c4 e6 3. Nc3 Nf6 4. cxd5 exd5 5. Bg5 Be7 6. e3 Nbd7 7. Bd3 Nf8 8. Nge2 Ne6 9. Bh4 g6 10. 0-0 Ng7 11. Qc2 c6 12. f3 0-0 13. Rae1 Nf5 14. Bxf5 Bxf5 15. e4 dxe4 16. fxe4 Nxe4 17. Bxe7 Qxe7 18. Ng3 Nxg3 19. Rxe7 Bxc2 20. hxg3 b5 21. Rf6 b4 22. Ne2 Ba4 23. Nf4 Bb5 24. d5 g5 25. Nh5 cxd5 26. Rf5 h6 27. Nf6+ Kg7 28. Nxd5 Rae8 29. Rxa7 Re1+ 30. Kh2 Bd3 31. Rf2 g4 32. Nxb4 Bg6 33. Nd5 Rd8 34. Re7 Ra1 35. Nc3 Rc8 36. Rd7 Rc1 37. Rfd2 Re1 38. Rd1 Re3 39. R1d2 h5 40. R7d4 Bf5 41. a4 h4 42. Rf4 hxg3+ 43. Kg1 Be6 44. a5 Rc5 45. Rd1 Rxa5 46. Re4 Re5 47. Rxe5 Rxe5 48. b4 Bc4 49. Nb1 f5 50. Na3 Bd3 51. b5 f4 52. b6 f3 53. gxf3 gxf3 54. b7 Re1+ 0-1

[Event "Gibraltar Masters 14th"]
[Site "Caleta"]
[Date "2016.02.03"]
[Round "9"]
[White "Fressinet, Laurent"]
[Black "Wemmers, Xander"]
[Result "1-0"]
[WhiteElo "2700"]
[BlackElo "2352"]
[PlyCount "87"]
[EventDate "2016.01.26"]
[EventType "swiss"]
[EventRounds "10"]
[EventCountry "GGB"]
[SourceTitle "CBM 171"]
[Source "ChessBase"]
[SourceDate "2016.03.14"]
[SourceVersion "2"]
[SourceVersionDate "2016.03.14"]
[SourceQuality "1"]

1. e4 e5 2. Nf3 Nc6 3. Bb5 a6 4. Ba4 Nf6 5. 0-0 Be7 6. d3 b5 7. Bb3 d6 8. a3 Be6 9. Nc3 Nd4 10. Nxd4 exd4 11. Ne2 c5 12. Bg5 Nd7 13. Bd2 0-0 14. Bxe6 fxe6 15. Nf4 Rf6 16. Nh5 Rf7 17. f4 Nf6 18. Ng3 Qd7 19. Qe2 Re8 20. Rae1 Bf8 21. Rf3 Qc8 22. e5 Nd5 23. Ne4 dxe5 24. fxe5 Rf5 25. Ng3 Rxf3 26. Qxf3 c4 27. Rf1 c3 28. Bc1 cxb2 29. Qf7+ Kh8 30. Bxb2 Ne3 31. Rf3 h6 32. Bxd4 Nxc2 33. Bf2 b4 34. Ne4 Nxa3 35. h3 Rd8 36. Nf6 Bc5 37. Qg6 Bxf2+ 38. Rxf2 gxf6 39. Qxh6+ Kg8 40. Qg6+ Kh8 41. Qxf6+ Kh7 42. Qf7+ Kh8 43. Qh5+ Kg8 44. Rf7 1-0

[Event "Gibraltar Masters 14th"]
[Site "Caleta"]
[Date "2016.02.01"]
[Round "7"]
[White "Tarjan, James Edward"]
[Black "Wemmers, Xander"]
[Result "0-1"]
[WhiteElo "2478"]
[BlackElo "2352"]
[PlyCount "69"]
[EventDate "2016.01.26"]
[EventType "swiss"]
[EventRounds "10"]
[EventCountry "GGB"]
[SourceTitle "CBM 171"]
[Source "ChessBase"]
[SourceDate "2016.03.14"]
[SourceVersion "2"]
[SourceVersionDate "2016.03.14"]
[SourceQuality "1"]

1. c4 e5 2. g3 Nf6 3. Bg2 c6 4. Nf3 e4 5. Nd4 d5 6. cxd5 Qxd5 7. Nc2 Qh5 8. h3 Qg6 9. Nc3 Bd6 10. Ne3 0-0 11. Qc2 Re8 12. b3 a5 13. Bb2 Na6 14. Rc1 Bd7 15. Na4 Nb4 16. Qb1 Nbd5 17. Nc5 Bc8 18. Bd4 Rb8 19. Nxd5 cxd5 20. Qb2 Nh5 21. Rg1 f5 22. e3 Nf6 23. Bf1 Rf8 24. Bb5 b6 25. Na6 Rb7 26. b4 f4 27. g4 fxe3 28. dxe3 Rbf7 29. a4 Bxa6 30. Bxa6 Bxb4+ 31. Kd1 Nd7 32. Qb3 Qd6 33. Rf1 Nc5 34. Bxc5 bxc5 35. Bb5 0-1